| 000 | 00599 a2200205 4500 | ||
|---|---|---|---|
| 999 |
_c32043 _d32043 |
||
| 003 | OSt | ||
| 005 | 20260210110658.0 | ||
| 008 | 260209b ||||| |||| 00| 0 eng d | ||
| 020 | _a978-81-317-3348-6 | ||
| 040 | _c. | ||
| 082 |
_a658.72 _bL995 |
||
| 100 |
_96566 _aLysons, Kenneth |
||
| 245 |
_aPurchasing and supply chain management / _cby Kenneth Lysons, Brian Farrington |
||
| 250 | _a7th ed. | ||
| 260 |
_bPearson India Education Services pvt ltd, _aNoida : _c2010. |
||
| 300 | _a709 p. | ||
| 650 | 0 |
_96484 _aSupply Chain Management |
|
| 700 |
_96567 _aFarrington, Brian |
||
| 942 |
_2ddc _cBK |
||